[Event "Maresme op 16th"]
[Site "Maresme"]
[Date "2019.11.09"]
[Round "5"]
[White "Shukorov, Artem"]
[Black "Gonzalez Vila, Manel"]
[Result "0-1"]
[WhiteElo "1657"]
[BlackElo "1906"]
[PlyCount "104"]
[EventDate "2019.09.29"]
[EventType "swiss"]
[EventRounds "8"]
[EventCountry "ESP"]
[SourceTitle "CBM 193 Extra"]
[Source "ChessBase"]
[SourceDate "2020.01.31"]
[SourceVersion "1"]
[SourceVersionDate "2020.01.31"]
[SourceQuality "1"]

1. e4 d5 2. exd5 Qxd5 3. Nc3 Qd6 4. d4 Nf6 5. Nf3 Bg4 6. Be2 e6 7. 0-0 c6 8. Bg5 Nbd7 9. Qd2 Be7 10. a3 Nb6 11. Bf4 Qd8 12. Rad1 0-0 13. Ne5 Bxe2 14. Qxe2 Nbd5 15. Nxd5 cxd5 16. Qb5 Nh5 17. Be3 Qc8 18. Qd7 Qxd7 19. Nxd7 Rfc8 20. c3 Nf6 21. Nxf6+ Bxf6 22. Bf4 Rc4 23. Rd3 Rac8 24. Bd6 R4c6 25. Bf4 Be7 26. Rc1 b5 27. Rdd1 a5 28. Kf1 b4 29. axb4 axb4 30. cxb4 Rxc1 31. Rxc1 Rxc1+ 32. Bxc1 Bxb4 33. Ke2 Kf8 34. Bd2 Bd6 35. Kd3 Ke8 36. g3 Kd7 37. f4 Kc6 38. Kc3 Kb5 39. Kb3 Be7 40. Be1 g5 41. Bd2 g4 42. Be1 h5 43. Bc3 Bf6 44. Kc2 h4 45. Kd3 Ka4 46. Ke2 Kb3 47. f5 Bg5 48. Kf2 exf5 49. gxh4 Bxh4+ 50. Kg2 f4 51. h3 f3+ 52. Kh2 f2 0-1

[Event "Catalunya-chT Primera Gp1"]
[Site "Catalunya"]
[Date "2008.02.17"]
[Round "4"]
[White "Gonzalez Vila, Manel"]
[Black "Llerins Bonet, Ricardo"]
[Result "0-1"]
[WhiteElo "1983"]
[BlackElo "2104"]
[PlyCount "64"]
[EventDate "2008.01.27"]
[EventType "team-tourn"]
[EventRounds "9"]
[EventCountry "ESP"]
[SourceTitle "EXT 2019"]
[Source "ChessBase"]
[SourceDate "2018.10.10"]
[SourceVersion "1"]
[SourceVersionDate "2018.10.10"]
[SourceQuality "1"]

1. Nf3 Nf6 2. g3 g6 3. c4 Bg7 4. Bg2 0-0 5. 0-0 c6 6. Nc3 d5 7. cxd5 cxd5 8. d4 Nc6 9. Ne5 e6 10. Nxc6 bxc6 11. Na4 Nd7 12. Bf4 e5 13. dxe5 Nxe5 14. Rc1 Bd7 15. b3 Rc8 16. Nc5 Bf5 17. Qd2 Re8 18. h3 h5 19. Rfd1 Qe7 20. Qb4 Nd7 21. Be3 Bb2 22. Qf4 Bxc1 23. Rxc1 Nxc5 24. Rxc5 Qe5 25. Qh4 Be4 26. Bxe4 Qxe4 27. Qf6 Re6 28. Qg5 Rce8 29. Ra5 d4 30. Bd2 Qxe2 31. Rxa7 Qf3 32. Qc5 Re2 0-1